| 000 | 00588nam a2200205 u 4500 | ||
|---|---|---|---|
| 005 | 20240228064004.0 | ||
| 008 | 090609s2003 es r 000 0 spa d | ||
| 020 | _a8495732394 | ||
| 035 | _aUPN01000171121 | ||
| 049 | _aI | ||
| 050 | 4 |
_aPZ78 _bC3.22 |
|
| 100 | 1 | _aCapdevila, Roser | |
| 245 | 1 | 1 |
_a¡A la cama! / _cRoser Capdevila. |
| 260 |
_aMadrid : _bCromosoma, _c2003. |
||
| 300 |
_a10 p. : _bprincipalmente il. col. |
||
| 440 | 4 | _aLas tres mellizas bebés | |
| 650 | 4 |
_aLibros y lectura para niños _92290 |
|
| 650 | 4 |
_aLIBROS INFANTILES CON LAMINAS _911453 |
|
| 905 | _aInfantil | ||
| 999 |
_c143226 _d143226 |
||